Planificación del desarrollo industrial

Uloženo v:
Podrobná bibliografie
Hlavní autor: Soza Valderrama, Héctor (Autor)
Médium: Kniha
Jazyk:španělština
Vydáno: Ciudad de México Siglo XXI 1966
Vydání:1a. ed
Edice:El Mundo del Hombre. Economía y Demografía
Témata:
Tagy: Přidat tag
Žádné tagy, Buďte první, kdo vytvoří štítek k tomuto záznamu!

MARC

LEADER 00000nam a2200000 a 4500
001 UCK1387
003 CL-VaPUC
008 041112e19660000MX |||||||||||||||||spa|d
082 0 4 |a 338  |b SOZ  |2 21 
100 0 |a Soza Valderrama, Héctor  |e author  |9 489183 
245 1 0 |a Planificación del desarrollo industrial 
250 |a 1a. ed 
300 |a 370 p 
942 |c BK 
945 |d 20041112 00:00:00  |a cmena 
260 |a Ciudad de México  |b Siglo XXI  |c 1966 
650 0 |a Industrialización  |9 263687 
650 0 |a Producción industrial  |9 307907 
650 7 |a PLANIFICACION INDUSTRIAL  |2 CL-VaPUC  |9 331542 
650 0 |a Planificación estratégica   |9 259735 
583 |a last modification  |c 20041112 00:00:00  |k Rodrigo Vera 
490 0 |a El Mundo del Hombre. Economía y Demografía 
999 |c 311358  |d 311356 
952 |0 0  |1 0  |4 0  |6 338_000000000000000_SOZ_1966  |7 0  |8 A  |9 380737  |a BIBGIM  |b BIBGIM  |d 2019-11-21  |i 407713K  |o 338 SOZ 1966  |p 407713K  |r 2025-01-15  |w 2019-11-21  |y BK  |k GIM